[Event "27th Seacost Trophy 2017"]
[Site "Eforie Nord"]
[Date "2017.06.23"]
[Round "5"]
[White "Schitco, Ivan"]
[Black "Soltanici, Ruslan"]
[Result "1/2-1/2"]
[WhiteElo "2091"]
[BlackElo "2393"]
[Annotator "TA"]
[PlyCount "101"]
[EventDate "2017.??.??"]
[EventType "swiss"]
[EventCountry "ROU"]
[SourceTitle "playchess.com"]
[Source "ChessBase"]
[SourceQuality "1"]

{[%evp 27,101,0,0,-86,-83,-77,-15,-173,-167,-166,-127,-147,-155,-157,-128,-135,-109,-115,-115,-120,-114,-123,-100,-100,-98,-141,-139,-157,-168,-185,-177,-186,-179,-186,-180,-185,-188,-231,-10,-9,-12,-11,-11,-18,-10,-3,0,-3,0,-17,0,0,0,0,0,0,0,0,0,0,0,0,0,0,0,0,0,0,0,0,0,0,0,0,0,0]} 1. d4 Nf6 2. c4 e6 3. g3 d5 4. Bg2 Bb4+ 5. Bd2 Be7 6. Nf3 O-O 7. O-O Nbd7 8. Qc2 c6 9. Bf4 Nh5 10. Bd2 Nhf6 11. Bf4 b6 12. Rd1 Ba6 13. b3 Rc8 14. Nc3 {E15: Queen's Indian: 4 g3 sidelines, 4 g3 Ba6 and 4 g3 Bb7 early deviations} Nh5 {LiveBook: 154 Games} (14... h6 15. e4 dxc4 16. Nd2 b5 17. bxc4 bxc4 18. Bf1 Nb6 19. a4 g5 20. Be3 Ng4 21. a5 Nxe3 22. fxe3 Nd7 23. Bxc4 Bb5 {0-1 (63) Wojtaszek,R (2749)-Karjakin,S (2785) Doha 2016}) 15. e4 (15. Bc1 $11) 15... Nxf4 $17 ({Much worse is} 15... dxc4 16. Be3 $11) 16. gxf4 {[#] Black is better.} b5 $146 (16... dxc4 $17 17. Ne2 b5) ({Predecessor:} 16... Nf6 17. e5 Nh5 18. Ne2 b5 19. cxd5 cxd5 20. Qd2 b4 21. Ng3 Nxg3 22. hxg3 {0-1 (65) Schandorff,L (2511)-Hansen,L (2569) Aalborg 2000}) 17. a3 $2 (17. exd5 $11 {and White is okay.} cxd5 18. c5) 17... bxc4 $19 18. b4 Bb5 19. a4 Ba6 20. Rab1 Qc7 21. Ne5 Bb7 22. b5 {[#]} Nf6 $1 23. bxc6 Bxc6 24. Nxc6 Qxc6 25. exd5 exd5 26. Rb5 Rfd8 27. Qf5 a6 28. Nxd5 Nxd5 29. Rxd5 Qxa4 30. Rc1 c3 31. Rxd8+ Rxd8 32. Bd5 {[#]} Qxd4 $2 ({Better is} 32... Bf6 $1 $19 33. Be4 Qxd4 34. Qxh7+ Kf8) 33. Qxf7+ $11 {The position is equal.} Kh8 34. Qxe7 {[%cal Re7d8]} Qxd5 35. Rxc3 {[%mdl 4096] Endgame KQR-KQR} h6 36. Rg3 {[%csl Gg3][%cal Re7g7]} Qd4 37. Qe5 Qd7 38. f5 Re8 39. Qa1 Rf8 40. Qxa6 Qxf5 41. Qa7 {[%csl Gg3][%cal Ra7g7]} Rf7 42. Qb6 Kh7 (42... Rf6 $5 {[%cal Rf6b6]} 43. Qd4 Qb1+ 44. Kg2 Qb7+ 45. f3 Rf8 $15) 43. Qe3 Rd7 44. Kg2 Qd5+ 45. Qf3 Qxf3+ 46. Rxf3 {KR-KR} Rd4 47. h3 Kg6 48. Rg3+ Kf6 49. Rf3+ Ke6 50. Ra3 Kf5 51. Ra5+ {Precision: White = 61%, Black = 47%.} 1/2-1/2

[Event "27th Seacost Trophy 2017"]
[Site "Eforie Nord"]
[Date "2017.06.24"]
[Round "6"]
[White "Kharitonov, Alexandr"]
[Black "Itkis, Boris"]
[Result "1-0"]
[WhiteElo "2547"]
[BlackElo "2371"]
[Annotator "TA"]
[PlyCount "93"]
[EventDate "2017.??.??"]
[EventType "swiss"]
[EventCountry "ROU"]
[SourceTitle "playchess.com"]
[Source "ChessBase"]
[SourceQuality "1"]

{[%evp 24,93,59,64,56,59,79,86,88,48,51,60,50,25,36,9,75,81,83,77,84,80,53,75,77,73,87,87,92,82,96,89,151,159,176,57,93,93,107,108,108,60,74,75,213,212,231,222,306,108,112,110,169,169,160,163,408,408,520,517,503,504,504,482,524,491,1050,1031,981,913,930,915]} 1. d4 Nf6 2. c4 e6 3. Nc3 c5 4. d5 exd5 5. cxd5 d6 6. e4 g6 7. Bd3 Bg7 8. h3 O-O 9. Nf3 Nh5 10. O-O a6 11. a4 Nd7 12. Be2 {A70: Modern Benoni: 6 e4 g6 7 Nf3} (12. Bg5 Bf6 13. Be3 Re8 14. Qd2 Ne5 15. Be2 Nxf3+ 16. Bxf3 Ng7 {½-½ (16) Kazhgaleyev,M (2594)-Ponomariov,R (2709) chess.com INT 2017}) 12... Re8 13. Re1 {LiveBook: 3 Games} Rb8 14. Be3 {[#] White is slightly better.} Nhf6 $146 ({Predecessor:} 14... Bf6) 15. Nd2 h6 16. Bf4 Ne5 17. Bh2 g5 $1 18. Nc4 Nh7 19. Qd2 Nf8 (19... Nxc4 $11 20. Bxc4 Bd4) 20. Nxe5 Bxe5 21. Bxe5 Rxe5 22. Bg4 Ng6 23. f3 Qf6 24. Nd1 Bxg4 25. hxg4 Ree8 26. Ne3 b5 27. axb5 Rxb5 (27... axb5 $142 28. Ra6 Ra8) 28. Qc3 $1 $16 {[%cal Rc3f6]} (28. Rxa6 $6 Rxb2 29. Rxd6 Qe5 $11) 28... Ne5 29. Nc4 (29. Rxa6 $18 {Hoping for Nf5.} Rxb2 30. Nf5) 29... Qf4 30. Nxe5 (30. Rxa6 $6 Nxc4 31. Qxc4 Rxb2 $11) 30... Rxe5 31. Rxa6 Re8 32. Rea1 Reb8 33. Ra8 $36 {[%mdl 2048] White is really pushing.} Qg3 (33... Kh7 $16 {keeps fighting.}) 34. Qf6 $18 R5b7 35. Kf1 $1 Qh2 {[#]} 36. Rxb8+ $2 (36. R1a7 $1 $18 {is the precise move to win. White threatens Rxb8+ and mate.} Qf4 37. Qxf4 (37. Qxh6 Rxb2 38. Rxb8+ Rxb8 $11) 37... gxf4 38. Rxb7 Rxa8 39. Rb6) 36... Rxb8 {[%mdl 4096] Endgame KQR-KQR} 37. Kf2 Qf4 {[#]} (37... Rf8 $16 38. Qc3 Rb8) 38. Qxf4 $1 ({And not} 38. Qxh6 Rxb2+ 39. Kf1 Rb8 $11) 38... gxf4 {KR-KR} 39. Ra6 Rd8 $2 (39... Rxb2+ {is a better defense.} 40. Kf1 Rb1+ 41. Ke2 Rb2+ 42. Kd3 Rxg2) 40. g3 fxg3+ 41. Kxg3 {White is clearly winning.} Kf8 42. Kf4 Ke7 43. Rb6 Ra8 44. Kf5 Ra1 (44... Ra7 $142 45. e5 dxe5 46. Kxe5 c4 47. Rxh6 Rb7) 45. Rb7+ Ke8 46. Kf6 Rf1 47. Re7+ {Precision: White = 65%, Black = 30%.} 1-0

[Event "27th Seacost Trophy 2017"]
[Site "Eforie Nord"]
[Date "2017.06.24"]
[Round "6"]
[White "Nanu, Costica-Ciprian"]
[Black "Istratescu, Andrei"]
[Result "1/2-1/2"]
[WhiteElo "2509"]
[BlackElo "2593"]
[Annotator "TA"]
[PlyCount "113"]
[EventDate "2017.??.??"]
[EventType "swiss"]
[EventCountry "ROU"]
[SourceTitle "playchess.com"]
[Source "ChessBase"]
[SourceQuality "1"]

{[%evp 22,113,36,0,0,0,0,0,0,0,12,12,20,7,18,14,27,0,0,0,8,0,0,0,0,-8,-6,-139,-87,-107,-104,-108,-100,-108,-108,-108,-108,-108,-108,-110,-107,-107,-114,-134,-134,-134,-134,-143,-126,-126,-97,-99,-98,-97,-97,-119,-119,-119,-65,-72,0,-15,-18,-112,-107,-119,-119,-119,-119,-150,-120,-149,-73,-73,-73,-120,-119,-132,-45,-73,-73,-73,-73,-73,-73,-73,-8,-73,0,0,0,0,0,0]} 1. d4 e6 2. c4 Nf6 3. Nf3 d5 4. Nc3 c5 5. cxd5 Nxd5 6. e4 Nxc3 7. bxc3 cxd4 8. cxd4 Bb4+ 9. Bd2 Bxd2+ 10. Qxd2 O-O 11. Bb5 a6 12. Be2 b5 {D41: Queen's Gambit Declined: Semi-Tarrasch with 5 cxd5} 13. O-O Bb7 14. Qe3 Nc6 $146 ({Predecessor:} 14... Nd7 15. a4 bxa4 16. Rxa4 a5 17. Rb1 Bc6 18. Raa1 Nf6 19. Bd3 Qe7 20. Ne5 {1-0 (81) Panno,O-O'Kelly de Galway,A Buenos Aires 1970}) 15. Rfb1 Qe7 16. a4 Nb4 17. Bd1 bxa4 18. Rxa4 a5 19. Rba1 Qc7 20. Nd2 {[%cal Bf3d2,Bd2b3,Bb3c5][%mdl 32]} Bc6 21. R4a3 Rfd8 22. Nb3 {[%cal Ra3a5]} a4 23. Nc5 Qd6 24. Bxa4 (24. f3 $11) 24... Rxa4 ({Black should try} 24... Bxa4 25. Nb7 (25. Rxa4 $2 Rxa4 26. Rxa4 Qxc5 $19) 25... Qd7 26. Nxd8 Nc2 27. Rxa4 Rxa4 28. Rxa4 Qxa4) 25. Nxa4 {Strongly threatening Rc1.} Nc2 $36 {[%mdl 2048] White is under strong pressure.} 26. Qc3 Nxa3 27. Rxa3 Qxd4 28. Qxd4 Rxd4 $17 {[%cal Rd4d1][%mdl 4096] Endgame KRB-KRN} 29. Nc3 Bxe4 30. Ra4 Rxa4 31. Nxa4 {KB-KN} g5 32. Nc3 Bc6 33. f3 Kg7 34. Kf2 h5 35. g3 h4 36. gxh4 gxh4 37. Ke3 Kg6 38. Nd1 Kf5 39. Nf2 Bb5 (39... f6 $17 40. Nh3 Bb7) 40. Ne4 $15 {Nd6+ is the strong threat.} Bc6 (40... Kg6 $17 41. Kf4 Bd3) 41. Nd6+ Kf6 42. Nc4 (42. Kf4 $1 $11 {keeps the balance.}) 42... Bd5 $17 43. Nb2 Kf5 44. Nd3 Bc4 45. Ne1 f6 46. Nc2 Ke5 ({Black should play} 46... Kg5 47. Ne1 e5) 47. Ne1 Bf1 48. Kf2 Bh3 49. Ke3 Kd5 (49... Kf5 $1 $17 50. Ke2 Kg5) 50. Nd3 {[#] Threatens to win with Nf4+.} e5 $1 51. f4 Bf5 52. fxe5 fxe5 53. Nf2 Bc2 (53... Kd6 $17 54. Kf3 Kc5) 54. Nh3 {[#]} (54. Kf3 $11 {remains equal.}) 54... Ke6 (54... Be4 $1 $17 55. Nf2 Bf5) 55. Ng5+ $11 {The position is equal.} Kf5 56. Nf3 Be4 (56... h3 $5 {[%cal Rc2d1]}) 57. Nxh4+ {Precision: White = 50%, Black = 60%.} 1/2-1/2

[Event "27th Seacost Trophy 2017"]
[Site "Eforie Nord"]
[Date "2017.06.24"]
[Round "6"]
[White "Murariu, Andrei"]
[Black "Bulmaga, Irina"]
[Result "0-1"]
[WhiteElo "2504"]
[BlackElo "2415"]
[Annotator "TA"]
[PlyCount "92"]
[EventDate "2017.??.??"]
[EventType "swiss"]
[EventCountry "ROU"]
[SourceTitle "playchess.com"]
[Source "ChessBase"]
[SourceQuality "1"]

{[%evp 22,92,26,13,12,20,25,26,20,20,20,16,22,4,20,9,31,28,58,53,57,0,40,21,28,28,66,39,21,13,49,-4,0,-5,94,68,72,-24,72,52,89,4,117,120,122,107,110,116,111,18,18,18,18,18,87,87,96,98,91,75,97,0,0,0,0,0,0,-395,-375,-752,-589,-2185,-2150]} 1. e4 e5 2. Nf3 Nc6 3. Bb5 {[%cal Bf1b5,Bb5a4,Ba4b3][%mdl 32]} a6 4. Ba4 Nf6 5. O-O b5 6. Bb3 Be7 7. Re1 O-O 8. h3 d6 9. c3 Na5 10. Bc2 c5 11. d4 Nd7 12. d5 Nb6 {C96: Closed Ruy Lopez: Chigorin Defence: 11 d4, replies other than 11...Qc7} 13. Nbd2 {[%cal Bb1d2,Bd2f1,Bf1g3][%mdl 32]} Bd7 (13... g6 14. b4 Nb7 15. Nf1 f5 16. exf5 gxf5 17. N3h2 Bg5 18. a4 Bxc1 19. Rxc1 cxb4 20. cxb4 bxa4 21. Bxa4 Nxa4 22. Qxa4 {½-½ (31) Leko,P (2699)-Tari,A (2597) Gallipoli 2017}) 14. Nf1 Qc7 {White has an edge.} 15. Ng3 c4 $146 ({Predecessor:} 15... Nb7 16. Nh2 Qd8 17. Nf3 a5 18. b3 c4 19. Be3 Qc7 20. Bxb6 Qxb6 21. bxc4 {1-0 (66) Gopal,G (2562)-Asgarizadeh,A (2407) Abu Dhabi 2015}) 16. Nh2 Nb7 17. Qf3 Nc5 18. Ng4 f6 19. Nf5 Bxf5 20. Qxf5 a5 21. Re3 (21. Ne3 $14) 21... Qc8 {With the idea ...Qxf5.} 22. Qf3 b4 23. Qd1 Kh8 24. Rg3 {[#]} b3 $1 {[%mdl 512]} 25. Bb1 (25. axb3 cxb3) 25... a4 26. Ne3 (26. a3 $14) 26... g6 27. h4 {[#]} Rf7 (27... a3 $1 $11 {[%mdl 512]}) 28. h5 g5 29. Qe2 (29. a3 $16) 29... Ncd7 (29... a3 $1 $11) 30. Nf5 Bf8 31. h6 (31. axb3 $16 {Threatens to win with b4.} axb3 32. Rxa8 Qxa8 33. h6) 31... Be7 (31... a3 $1 $11 {keeps the balance.}) 32. Qh5 $16 Qg8 33. axb3 axb3 34. Rxa8 Nxa8 35. f4 (35. Rh3 $16) 35... exf4 $11 36. Bxf4 Ne5 37. Be3 Qg6 (37... Qd8 $11 {remains equal.}) 38. Qe2 $16 Bf8 39. Bd4 Rc7 40. Ne3 Qxh6 41. Bxe5 ({White should play} 41. Qf1 $16) 41... dxe5 $11 42. Rh3 Qg6 43. Nxc4 {And now d6 would win.} g4 44. Re3 $2 {[%mdl 8192]} (44. Rh4 $11) 44... Bc5 $19 45. g3 $2 (45. d6 Rg7 46. Kf1) 45... Qh6 {aiming for ...Nb6.} 46. Bd3 Nb6 {Precision: White = 37%, Black = 44%.} 0-1

[Event "27th Seacost Trophy 2017"]
[Site "Eforie Nord"]
[Date "2017.06.24"]
[Round "6"]
[White "Peptan, Corina-Isabela"]
[Black "Antonica, Dragos-Andrei"]
[Result "1-0"]
[WhiteElo "2403"]
[BlackElo "2133"]
[Annotator "NA"]
[PlyCount "89"]
[EventDate "2017.??.??"]
[EventType "swiss"]
[EventCountry "ROU"]
[SourceTitle "playchess.com"]
[Source "ChessBase"]
[SourceQuality "1"]
[TimeControl "5400+30"]

1. d4 {[%emt 0:00:00]} e6 {[%emt 0:00:13]} 2. c4 {[%emt 0:00:29]} Nf6 {[%emt 0:00:31]} 3. Nf3 {[%emt 0:00:10]} b6 {[%emt 0:00:34]} 4. e3 {[%emt 0:00:39]} Bb7 {[%emt 0:00:07]} 5. Nc3 {[%emt 0:01:36]} Bb4 {[%emt 0:04:06]} 6. Bd2 {[%emt 0:00:25]} c5 {[%emt 0:03:26]} 7. a3 {[%emt 0:18:26]} cxd4 {[%emt 0:06:09]} 8. axb4 {[%emt 0:02:22]} dxc3 {[%emt 0:01:07]} 9. Bxc3 {[%emt 0:00:02]} O-O {[%emt 0:01:24]} 10. Qd4 {[%emt 0:20:42]} Nc6 {[%emt 0:09:59]} 11. Qh4 {[%emt 0:02:53]} Ne8 {[%emt 0:00:37]} 12. b5 {[%emt 0:06:50]} Qxh4 {[%emt 0:05:31]} 13. Nxh4 {[%emt 0:00:49]} Ne7 {[%emt 0:00:18]} 14. Bb4 {[%emt 0:00:13]} d6 {[%emt 0:00:09]} 15. Be2 {[%emt 0:00:12]} f5 {[%emt 0:01:13]} 16. Bf3 {[%emt 0:01:23]} Bxf3 {[%emt 0:00:40]} 17. Nxf3 {[%emt 0:00:02]} Rc8 {[%emt 0:05:40]} 18. b3 {[%emt 0:00:07]} Rc7 {[%emt 0:00:34]} 19. Ke2 {[%emt 0:00:06]} Nc8 {[%emt 0:02:26]} 20. Rhd1 {[%emt 0:00:41]} e5 {[%emt 0:04:05]} 21. Ne1 {[%emt 0:17:55]} g5 {[%emt 0:08:22]} 22. f4 {[%emt 0:04:05]} gxf4 {[%emt 0:01:47]} 23. exf4 {[%emt 0:00:01]} exf4 {[%emt 0:12:53]} 24. Bd2 {[%emt 0:07:41]} Nf6 {[%emt 0:02:52]} 25. Bxf4 {[%emt 0:00:10]} Ne4 {[%emt 0:02:04]} 26. Kf1 {[%emt 0:00:12]} Re7 {[%emt 0:02:25]} 27. Nf3 {[%emt 0:01:27]} Rfe8 {[%emt 0:01:08]} 28. Rd5 {[%emt 0:05:07]} Rg7 {[%emt 0:02:35]} 29. Rdd1 {[%emt 0:04:59]} Rge7 {[%emt 0:00:38]} 30. g3 {[%emt 0:00:13]} Nc5 {[%emt 0:02:36]} 31. Nd4 {[%emt 0:00:34]} Re4 {[%emt 0:01:09]} 32. Rab1 {[%emt 0:02:24]} Ne6 {[%emt 0:06:11]} 33. Nxe6 {[%emt 0:00:01]} R8xe6 {[%emt 0:00:03]} 34. Rd2 {[%emt 0:00:47]} Ne7 {[%emt 0:03:02]} 35. Bxd6 {[%emt 0:00:34]} Ng6 {[%emt 0:00:06]} 36. Rbd1 {[%emt 0:01:04]} Re3 {[%emt 0:00:47]} 37. b4 {[%emt 0:00:17]} Ne5 {[%emt 0:01:44]} 38. Bxe5 {[%emt 0:00:11]} R6xe5 {[%emt 0:00:04]} 39. Rd7 {[%emt 0:01:11]} Re2 {[%emt 0:00:56]} 40. Rxa7 {[%emt 0:00:06]} Re7 {[%emt 0:00:20]} 41. Rxe7 {[%emt 0:00:12]} Rxe7 {[%emt 0:00:02]} 42. c5 {[%emt 0:00:36]} Re5 {[%emt 0:00:19]} 43. c6 {[%emt 0:00:47]} Re8 {[%emt 0:00:12]} 44. c7 {[%emt 0:00:16]} Kf7 {[%emt 0:00:12]} 45. Rd8 {[%emt 0:00:14]} 1-0

[Event "27th Seacost Trophy 2017"]
[Site "Eforie Nord"]
[Date "2017.06.24"]
[Round "6"]
[White "Soltanici, Ruslan"]
[Black "Olinici, Ecaterina"]
[Result "1-0"]
[WhiteElo "2393"]
[BlackElo "1437"]
[Annotator "NA"]
[PlyCount "71"]
[EventDate "2017.??.??"]
[EventType "swiss"]
[EventCountry "ROU"]
[SourceTitle "playchess.com"]
[Source "ChessBase"]
[SourceQuality "1"]
[TimeControl "5400+30"]

1. e4 {[%emt 0:00:00]} e5 {[%emt 0:00:11]} 2. Nf3 {[%emt 0:00:00]} Nc6 {[%emt 0:00:11]} 3. Bb5 {[%emt 0:00:03]} a6 {[%emt 0:00:18]} 4. Ba4 {[%emt 0:00:15]} Nf6 {[%emt 0:00:09]} 5. O-O {[%emt 0:00:14]} b5 {[%emt 0:00:09]} 6. Bb3 {[%emt 0:00:08]} Bc5 {[%emt 0:00:18]} 7. c3 {[%emt 0:00:40]} d6 {[%emt 0:00:06]} 8. a4 {[%emt 0:00:28]} Rb8 {[%emt 0:00:33]} 9. d4 {[%emt 0:01:41]} Bb6 {[%emt 0:00:09]} 10. a5 {[%emt 0:01:05]} Ba7 {[%emt 0:02:13]} 11. Be3 {[%emt 0:00:55]} exd4 {[%emt 0:21:37]} 12. cxd4 {[%emt 0:01:22]} O-O {[%emt 0:01:11]} 13. h3 {[%emt 0:07:11]} h6 {[%emt 0:15:04]} 14. Re1 {[%emt 0:18:50]} Re8 {[%emt 0:19:01]} 15. d5 {[%emt 0:17:15]} Bxe3 {[%emt 0:01:33]} 16. Rxe3 {[%emt 0:00:08]} Ne7 {[%emt 0:08:07]} 17. Nc3 {[%emt 0:02:59]} Bb7 {[%emt 0:01:40]} 18. Nd4 {[%emt 0:06:00]} b4 {[%emt 0:04:40]} 19. Nce2 {[%emt 0:14:05]} c5 {[%emt 0:03:40]} 20. Nf3 {[%emt 0:01:22]} Ng6 {[%emt 0:02:31]} 21. Ng3 {[%emt 0:01:01]} Bc8 {[%emt 0:00:49]} 22. Bc4 {[%emt 0:02:31]} Ra8 {[%emt 0:04:35]} 23. Nd2 {[%emt 0:02:08]} Nd7 {[%emt 0:01:22]} 24. Bf1 {[%emt 0:01:17]} Nde5 {[%emt 0:04:06]} 25. Nh5 {[%emt 0:03:30]} Qg5 {[%emt 0:03:30]} 26. Be2 {[%emt 0:11:39]} Qh4 {[%emt 0:03:46]} 27. Qf1 {[%emt 0:01:53]} Nf4 {[%emt 0:01:52]} 28. Nxf4 {[%emt 0:00:21]} Qxf4 {[%emt 0:00:04]} 29. g3 {[%emt 0:00:06]} Qf6 {[%emt 0:00:44]} 30. f4 {[%emt 0:00:10]} Ng6 {[%emt 0:00:08]} 31. Nc4 {[%emt 0:00:31]} Ra7 {[%emt 0:00:43]} 32. Bg4 {[%emt 0:04:35]} Bxg4 {[%emt 0:00:32]} 33. hxg4 {[%emt 0:00:01]} Rae7 {[%emt 0:00:12]} 34. Rae1 {[%emt 0:00:28]} Qd4 {[%emt 0:00:16]} 35. Nxd6 {[%emt 0:01:02]} Rd8 {[%emt 0:01:12]} 36. Nf5 {[%emt 0:00:31]} 1-0

[Event "27th Seacost Trophy 2017"]
[Site "Eforie Nord"]
[Date "2017.06.24"]
[Round "6"]
[White "Dragomirescu, Angela"]
[Black "Nevednichy, Vladislav"]
[Result "1/2-1/2"]
[WhiteElo "2228"]
[BlackElo "2533"]
[Annotator "TA"]
[PlyCount "126"]
[EventDate "2017.??.??"]
[EventType "swiss"]
[EventCountry "ROU"]
[SourceTitle "playchess.com"]
[Source "ChessBase"]
[SourceQuality "1"]

{[%evp 15,126,37,37,7,42,26,28,27,57,34,34,28,54,22,35,33,32,32,31,29,36,38,41,30,43,36,38,36,43,32,47,0,0,0,0,0,0,0,0,0,0,0,0,0,0,0,0,0,0,0,0,0,0,0,0,0,0,0,0,-2,-6,-27,-29,-48,-48,-48,-48,-48,-48,-48,0,-48,-48,-66,-80,-48,-48,-48,0,0,38,0,118,118,130,130,221,184,236,208,233,118,118,116,118,114,169,153,285,130,162,111,111,111,130,130,130,118,118,118,122,111,115]} 1. d4 g6 2. c4 Bg7 3. e4 d6 4. Nf3 Bg4 5. Be2 e5 6. Be3 Nc6 7. d5 Bxf3 8. Bxf3 Nd4 9. Nd2 {[%cal Bb1d2,Bd2b3,Bb3c1,Bc1d3][%mdl 32] A41: 1 d4 d6: Tartakower System and Modern Defence} (9. Nc3 {seems wilder.} Ne7 10. h4 h5 11. O-O O-O 12. g3) (9. Bxd4 exd4 10. O-O Ne7 11. Na3 c5 12. Nc2 O-O 13. Ne1 a6 14. Be2 Rb8 15. a4 Nc8 16. a5 Re8 17. Qc2 Qe7 {1-0 (54) Van Wely,L (2695)-Degraeve,J (2591) chess.com INT 2017}) 9... Ne7 10. Nb3 {[%cal Rb3d4]} (10. h4 {keeps more tension.} h5 11. O-O O-O 12. Be2 Qd7 13. Re1) 10... Nxf3+ 11. Qxf3 {White has an edge.} O-O $146 ({Predecessor:} 11... c5 12. Qe2 O-O 13. Nd2 f5 14. f3 Kh8 15. g4 Qd7 16. O-O Ng8 17. Qg2 Qe7 18. g5 f4 19. Bf2 Qd7 20. h4 Ne7 21. Kh2 h6 22. gxh6 Bxh6 23. Qh3 {½-½ (23) Schenk,A (2495)-Degraeve,J (2553) Gonfreville 2006}) 12. Qe2 f5 13. f3 b6 14. Nc1 Qd7 15. O-O a5 16. Nd3 f4 17. Bd2 g5 18. b3 Ra7 19. a3 Rfa8 20. Bc3 Kf7 21. Ra2 Bf6 22. Rfa1 Ng6 23. b4 (23. Rd2 {is more complex.} h5 24. Nf2 Rc8 25. Bb2 Kg8 26. Rc1) 23... axb4 24. axb4 Rxa2 25. Rxa2 Rxa2 26. Qxa2 g4 27. b5 gxf3 28. gxf3 Nh4 29. Ne1 Qc8 30. Bb4 h5 31. Bc3 Be7 32. Bb4 Qh3 33. Qe2 Ng6 34. Nd3 Qc8 (34... Nh4 $5 35. Ne1 $8 Qc8 $11) 35. Qa2 Nf8 (35... Qg8 $5 {[%cal Rg6h4]}) 36. Be1 Nh7 37. Bc3 Ng5 38. Ne1 (38. Qg2 $5 {[%cal Rh2h4]}) 38... h4 39. Bb4 h3 {[#] Threatens to win with ...Nxf3+!} 40. Kf1 Qg8 41. Bc3 Qh7 42. Qf2 Qh8 43. Qa2 Qh5 44. Qf2 Nh7 {And now ...Bh4 would win.} 45. Qa2 Bh4 46. Ke2 $1 Bd8 (46... Bxe1 $5 47. Bxe1 Ke7 $11) 47. Qa8 Qg5 48. Qc8 Nf8 (48... Qg1 $1 $11) 49. Kf1 $16 Qh4 50. Nd3 Ng6 (50... Qh5 $16 51. Ke2 Qg5) 51. Qd7+ Be7 (51... Qe7 $142 52. Qf5+ (52. Qxh3 Qg5 $16) 52... Qf6) 52. Nf2 $18 Qh5 53. Qxh3 ({White must play} 53. Ng4 $18) 53... Qxh3+ $16 54. Nxh3 $18 {[%mdl 4096] Endgame KBN-KBN} Kg7 55. Nf2 Kh6 (55... Nf8 $16 {is a better defense.} 56. Nd3 Kg6) 56. Nd3 Kh5 {[#]} (56... Bf6 $16 57. Nb4 Kg5) 57. Be1 (57. c5 $1 $18 {is the precise move to win.}) 57... Nf8 58. Bf2 ({White should play} 58. c5 $18) 58... Nd7 $16 {White is better.} 59. Nb4 Bd8 60. Kg2 Bf6 61. Kh3 Bg5 62. Nd3 Bf6 63. Ne1 Nf8 {Precision: White = 50%, Black = 45%.} 1/2-1/2

[Event "27th Seacost Trophy 2017"]
[Site "Eforie Nord"]
[Date "2017.06.24"]
[Round "6"]
[White "Ileana, George"]
[Black "Bonte, Andrei-Mihai"]
[Result "1/2-1/2"]
[WhiteElo "2212"]
[BlackElo "2310"]
[Annotator "NA"]
[PlyCount "123"]
[EventDate "2017.??.??"]
[EventType "swiss"]
[EventCountry "ROU"]
[SourceTitle "playchess.com"]
[Source "ChessBase"]
[SourceQuality "1"]
[TimeControl "5400+30"]

1. e4 {[%emt 0:00:00]} e5 {[%emt 0:01:51]} 2. Nf3 {[%emt 0:00:00]} Nc6 {[%emt 0:00:11]} 3. Bb5 {[%emt 0:00:00]} a6 {[%emt 0:01:06]} 4. Ba4 {[%emt 0:00:00]} d6 {[%emt 0:00:06]} 5. c3 {[%emt 0:00:00]} Nf6 {[%emt 0:04:19]} 6. d3 {[%emt 0:00:00]} Be7 {[%emt 0:04:11]} 7. O-O {[%emt 0:00:16]} O-O {[%emt 0:00:08]} 8. Re1 {[%emt 0:00:02]} b5 {[%emt 0:02:03]} 9. Bc2 {[%emt 0:00:08]} h6 {[%emt 0:04:03]} 10. Nbd2 {[%emt 0:00:47]} Re8 {[%emt 0:00:29]} 11. Nf1 {[%emt 0:00:33]} Bf8 {[%emt 0:02:38]} 12. Ng3 {[%emt 0:00:08]} Bb7 {[%emt 0:08:57]} 13. h3 {[%emt 0:01:59]} Nb8 {[%emt 0:12:02]} 14. Nh2 {[%emt 0:00:55]} d5 {[%emt 0:03:15]} 15. Ng4 {[%emt 0:00:43]} dxe4 {[%emt 0:02:40]} 16. dxe4 {[%emt 0:03:25]} Nbd7 {[%emt 0:03:28]} 17. Nxf6+ {[%emt 0:02:39]} Nxf6 {[%emt 0:00:08]} 18. Qxd8 {[%emt 0:00:18]} Raxd8 {[%emt 0:00:14]} 19. Be3 {[%emt 0:00:09]} Nd7 {[%emt 0:05:14]} 20. Red1 {[%emt 0:00:11]} Nc5 {[%emt 0:00:38]} 21. b3 {[%emt 0:00:48]} a5 {[%emt 0:03:44]} 22. f3 {[%emt 0:02:10]} b4 {[%emt 0:08:48]} 23. cxb4 {[%emt 0:00:56]} axb4 {[%emt 0:00:28]} 24. Rac1 {[%emt 0:00:50]} Ne6 {[%emt 0:00:54]} 25. Bd3 {[%emt 0:01:51]} c5 {[%emt 0:04:02]} 26. Bb5 {[%emt 0:00:50]} Rxd1+ {[%emt 0:00:33]} 27. Rxd1 {[%emt 0:00:02]} Ra8 {[%emt 0:00:21]} 28. Rd2 {[%emt 0:00:27]} Nd4 {[%emt 0:05:47]} 29. Bxd4 {[%emt 0:00:09]} cxd4 {[%emt 0:00:34]} 30. Kf1 {[%emt 0:00:12]} Rc8 {[%emt 0:00:34]} 31. Bc4 {[%emt 0:00:06]} g6 {[%emt 0:03:00]} 32. Ke2 {[%emt 0:03:45]} Kg7 {[%emt 0:00:23]} 33. Kd3 {[%emt 0:00:05]} Be7 {[%emt 0:01:43]} 34. Rc2 {[%emt 0:01:04]} Bh4 {[%emt 0:03:46]} 35. Ne2 {[%emt 0:04:09]} f5 {[%emt 0:00:06]} 36. Bd5 {[%emt 0:07:10]} Rxc2 {[%emt 0:05:52]} 37. Kxc2 {[%emt 0:00:06]} Bxd5 {[%emt 0:00:30]} 38. exd5 {[%emt 0:00:04]} Bf2 {[%emt 0:08:09]} 39. Kd3 {[%emt 0:00:10]} Kf6 {[%emt 0:00:08]} 40. Kc4 {[%emt 0:00:05]} g5 {[%emt 0:00:22]} 41. g4 {[%emt 0:01:32]} Be1 {[%emt 0:02:14]} 42. gxf5 {[%emt 0:17:35]} Kxf5 {[%emt 0:00:14]} 43. Kd3 {[%emt 0:00:07]} h5 {[%emt 0:01:00]} 44. d6 {[%emt 0:00:09]} Ke6 {[%emt 0:00:07]} 45. d7 {[%emt 0:02:20]} Kxd7 {[%emt 0:00:13]} 46. Nc1 {[%emt 0:00:08]} Ke6 {[%emt 0:01:27]} 47. Ke4 {[%emt 0:00:15]} Bd2 {[%emt 0:00:45]} 48. Nd3 {[%emt 0:00:09]} Kf6 {[%emt 0:00:30]} 49. Nxe5 {[%emt 0:00:26]} Bc3 {[%emt 0:00:17]} 50. Nc4 {[%emt 0:00:37]} Ke6 {[%emt 0:00:30]} 51. a4 {[%emt 0:02:36]} bxa3 {[%emt 0:00:06]} 52. Nxa3 {[%emt 0:00:03]} Kd6 {[%emt 0:00:52]} 53. Nb1 {[%emt 0:07:22]} Kc5 {[%emt 0:00:35]} 54. Kd3 {[%emt 0:00:28]} Bb4 {[%emt 0:00:23]} 55. Nd2 {[%emt 0:01:37]} Kd5 {[%emt 0:00:22]} 56. Ne4 {[%emt 0:00:10]} Ke5 {[%emt 0:00:52]} 57. Nxg5 {[%emt 0:06:00]} Kf4 {[%emt 0:00:06]} 58. Ne6+ {[%emt 0:00:11]} Kxf3 {[%emt 0:00:24]} 59. Ng7 {[%emt 0:00:11]} h4 {[%emt 0:00:55]} 60. Nf5 {[%emt 0:00:19]} Be1 {[%emt 0:00:20]} 61. Kxd4 {[%emt 0:00:48]} Kg2 {[%emt 0:00:39]} 62. Nxh4+ 1/2-1/2